000 00326 a2200157 4500
001 59076
020 _a
040 _cAnchieta - Pituba
100 _aLima, Lizânias de Souza
240 1 0 _aHistória do Brasil
_lpor
245 1 0 _aHistória do Brasil
300 _a286
362 0 _a1996
650 4 _aBrasil
942 _cBK
999 _c59076
_d59076